| 000 | 01109cam a22002054a 4500 | ||
|---|---|---|---|
| 005 | 20250605163935.0 | ||
| 008 | 250528s ||||||||||||||||||||||||d | ||
| 035 | _a14845 | ||
| 020 | _a861877616 | ||
| 040 |
_aGR-AtMCL _bgre _dGR-AtMCL _eAACR2 |
||
| 245 | 1 | _aThe Internationalisation of Television | |
| 260 |
_bPinter Publishers, _c1990 |
||
| 300 | _a196 | ||
| 520 | _aIntroduction: The Internationalization of Television, Restructuring Broadcasting Systems in the 1980s and 1990s, The ''New'' Media Challenge the ''Old'', The Internationalization of Television and the Issue of National Sovereignty, The Role of International Agencies: The European Community and the Council of Europe, Programs and Programming in the Age Internationalization, The Funding of Programs in the Age of Internationalization, The Internationalization of Television: Media Entrepreneurs and Conglomerates, The Television Channels of the Future, Conclusion: Internationalization, Appendix, Index | ||
| 700 | 1 |
_aNegrine Ralph _9615 |
|
| 700 | 1 |
_aPapathanassopoulos S _9616 |
|
| 942 | _cBK | ||
| 999 |
_c456 _d456 |
||